000
00329nam a2200145Ia 4500
008
230917s9999||||xx |||||||||||||| ||und||
040
_e
199064
_a
MAIN
041
_a
English
082
_a
869.3 C65A
100
_a
Coelho, Paulo
245
0
_a
Aleph
260
_a
London
_b
Harper Collins
_c
2011
300
_a
300 p.
942
_c
BK
999
_c
160507
_d
160507